000
00286cam a22000857a 4500
008
180718b xxu||||| |||| 00| 0 eng d
082
_a
Q58x73 Un3
245
_a
Farm people and old-age, survivor, and disability insurance in the United states
260
_a
Washington
_b
Government Printing Office
_c
999
_c
495502
_d
495502